000 01365cam a22003974a 4500
001 muse85129
003 MdBmJHUP
005 20210127151555.0
006 m o d
007 cr||||||||nn|n
008 030408s2002 mx o 00 0 spa d
010 _z 2003423945
020 _a9786076288375
020 _z8476586302
020 _z9788476586303
035 _a(OCoLC)1066115709
040 _aMdBmJHUP
_cMdBmJHUP
050 0 4 _aMLCS 2006/15333 (B)
100 1 _aZemelman, Hugo,
_d1931-
245 1 0 _aNecesidad de conciencia
_bun modo de construir conocimiento /
_cHugo Zemelman ; prólogo de Horacio Cerutti Guldberg ; introducción de Josetxo Beriain.
250 _a1. ed.
264 1 _bAnthropos,
264 3 _bProject MUSE,
300 _a1 online resource (xvii, 138 p.)
504 _aIncludes bibliographical references.
506 0 _aOpen Access
_fUnrestricted online access
_2star
588 _aDescription based on print version record.
655 7 _aElectronic books.
_2local
710 2 _aProject Muse.
_edistributor
830 0 _aBook collections on Project MUSE.
856 4 0 _zFull text available:
_uhttps://muse.jhu.edu/book/74459/
999 _c26252
_d26252